Instantáneas de un sentimiento de la vida optimista y trascendente / (Record no. 62609)

MARC details
000 -LEADER
campo de control de longitud fija 00676nam a2200169 i 4500
001 - NÚMERO DE CONTROL
campo de control 62609
003 - IDENTIFICADOR DE NÚMERO DE CONTROL
campo de control ES-MaACL
005 - FECHA Y HORA DE LA ÚLTIMA TRANSACCIÓN
campo de control 20230906164711.0
007 - CAMPO FIJO DE DESCRIPCIÓN FÍSICA--INFORMACIÓN GENERAL
campo de control de longitud fija t|
008 - DATOS DE LONGITUD FIJA--INFORMACIÓN GENERAL
campo de control de longitud fija 031124m19671968sp ||||1| spa d
100 1# - ENTRADA PRINCIPAL--NOMBRE DE PERSONA
Nombre de persona Fernández Gutiérrez, Julián.
9 (RLIN) 49841
245 10 - MENCIÓN DEL TÍTULO
Título Instantáneas de un sentimiento de la vida optimista y trascendente /
Mención de responsabilidad, etc. Julián Fernández Gutiérrez.
260 ## - PUBLICACIÓN, DISTRIBUCIÓN, ETC.
Lugar de publicación, distribución, etc. [Madrid :
Nombre del editor, distribuidor, etc. s.n.],
Fecha de publicación, distribución, etc. 1967-68.
300 ## - DESCRIPCIÓN FÍSICA
Extensión 4 v. ;
Dimensiones 23 cm.
505 8# - NOTA DE CONTENIDO CON FORMATO
Nota de contenido con formato Contiene: T. I: ¿Quién es Dios?. -- T. II: ¿Qué es lo ultrahumano?. -- T. III: ¿Cómo es el fin del mundo?. -- T. IV: ¿Qué hay al otro lado de la barrera de la muerte?
852 ## - LOCALIZACIÓN
Ubicación ES-MaACL
Número de control de estantería P-1301
Sublocalización o colección R.63361
Holdings
Estatus retirado Estado de pérdida Estado de daño No para préstamo Biblioteca de origen Biblioteca actual Ubicación en estantería Fecha de adquisición Fuente de adquisición Total de préstamos Signatura topográfica completa Código de barras Visto por última vez Precio de reemplazo Tipo de ítem Koha
        Biblioteca del Ateneo de Madrid Biblioteca del Ateneo de Madrid Depósito 2 17/01/2008     P-1301 1065638 23/02/2023 23/02/2023 Libro impreso